000 00592nam a22001937a 4500
005 20250120162811.0
010 _aENG-143533
020 _c200.00
_a9789358192063
035 _aEN-127065
037 _bDBAD
082 _as
100 _aPramanick,Anthelina Sweta
_d2023
_976785
245 _aFeathers that scattered around;
_cA journeyoflove laughte,and rediscovery/
_bBy Pramanick,Anthelina Sweta
260 _bBlueroseONE publishers
_c2023
_aNew Delhi
270 _bNew Delhi
300 _a80 p.
_c20 cm (pbk)
700 _aPramanick,Anthelina Sweta
_976737
942 _2ddc
_cEN
_hs
_mPra
999 _c208619
_d208619